|
|
|
|
| LEADER |
00928cam a2200241 7i4500 |
| 001 |
0000054055 |
| 005 |
20200722090000.0 |
| 020 |
|
|
|a 9789791317818 (paperback)
|
| 090 |
0 |
0 |
|a PL5083
|b .R35 2010
|
| 100 |
1 |
|
|a Rahardi, R. Kunjana,
|c Dr
|
| 245 |
1 |
0 |
|a Teknik-teknik pengembangan paragraf karya tulis ilmiah :
|b pedoman kebahasaan bagi mahasiswa, karyasiswa, dosen, peneliti, dan penulis pada umumnya
|c Dr. R. Kunjana Rahardi, M. Hum.
|
| 264 |
|
1 |
|a Yogyakarta:
|b Penerbit Universitas Atma Jaya Yogyakarta,
|c 2010.
|
| 300 |
|
|
|a x, 215 pages;
|c 21 cm.
|
| 336 |
|
|
|a text
|2 rdacontent
|
| 337 |
|
|
|a unmediated
|2 rdamedia
|
| 338 |
|
|
|a volume
|2 rdacarrier
|
| 490 |
0 |
|
|a Seri bahasa karya tulis;
|v 3
|
| 500 |
|
|
|a Gift: Prof. Dr. Mohd Nor bin Nawawi
|
| 650 |
0 |
0 |
|a Paragraphs
|
| 650 |
0 |
0 |
|a Indonesian language --
|x Paragraphs
|
| 650 |
0 |
0 |
|a Style, Literary
|
| 700 |
1 |
|
|a Hum, M.
|
| 999 |
|
|
|a 0000069399
|b BOK
|c OPEN SHELF
|e 1st Floor, Bestari Jaya
|